Statistics for New Zealand All Blacks Rugby - 1991 World Cup Squad

Click here to take the quiz!

General Stats

  • This quiz has been taken 103 times
    (86 since last reset)
  • The average score is 19 of 29

Answer Stats

Answer% Correct
Ian Jones
94%
Michael Jones
94%
Grant Fox
92%
John Kirwan
89%
Zinzan Brooke
89%
Sean Fitzpatrick
84%
Alan Whetton
83%
Gary Whetton
83%
Richard Loe
76%
Graeme Bachop
73%
Walter Little
73%
Craig Innes
71%
John Timu
70%
Kieran Crowley
70%
Terry Wright
70%
Va'aiga Tuigamala
70%
John Hart
68%
Graham Dowd
67%
Steve McDowall
67%
Alex Wyllie
60%
Bernie McCahill
59%
Jon Preston
57%
Andy Earl
49%
Mark Carter
44%
Graham Purvis
40%
Jason Hewett
40%
Paul Henderson
37%
Shayne Philpott
35%
Steve Gordon
29%

Score Distribution

Percentile by Number Answered

Percent of People with Each Score

Your Score History

You have not taken this quiz since the last reset